[Event "ESP-ch zone 1"]
[Site "Logrono"]
[Date "2008.08.19"]
[Round "2.5"]
[White "Sasiain Gomez, Inaki"]
[Black "Garcia Castro, Pablo"]
[Result "0-1"]
[WhiteElo "2058"]
[BlackElo "2390"]
[PlyCount "106"]
[EventDate "2008.08.18"]
[EventType "swiss"]
[EventRounds "4"]
[EventCountry "ESP"]
[SourceTitle "CBM 126 Extra"]
[Source "ChessBase"]
[SourceDate "2008.11.05"]
[SourceVersion "1"]
[SourceVersionDate "2008.11.05"]
[SourceQuality "1"]

1. d4 d6 2. c4 e5 3. dxe5 dxe5 4. Qxd8+ Kxd8 5. Nc3 Be6 6. e4 c6 7. f4 exf4 8. Bxf4 Nd7 9. 0-0-0 Bb4 10. Nf3 Ngf6 11. Ng5 h6 12. Nxe6+ fxe6 13. Bd3 Bxc3 14. bxc3 Ng4 15. Rd2 Ke7 16. h3 Rhf8 17. Bg3 Nge5 18. Rhd1 Rad8 19. Be2 b6 20. Kc2 Rg8 21. Kb3 Nc5+ 22. Kc2 Rxd2+ 23. Rxd2 Nf7 24. Bf3 Rd8 25. Rxd8 Nxd8 26. Kd2 Nd7 27. Bh4+ g5 28. Bg3 Nf7 29. Be2 Nfe5 30. Ke3 Kf6 31. Kd4 c5+ 32. Ke3 Nb8 33. Bh2 Nbc6 34. Bg3 Na5 35. Bxe5+ Kxe5 36. Bd3 Nb7 37. Be2 Nd6 38. Bd3 Ne8 39. Be2 Nf6 40. Bf3 h5 41. g4 h4 42. Bg2 Ng8 43. Bf1 Ne7 44. Bg2 Ng6 45. Bf1 Nf4 46. Kf3 Kd6 47. a3 Kc6 48. a4 Kb7 49. Ke3 Ka6 50. Bd3 Nxh3 51. e5 Ka5 52. Bf5 Nf4 53. Ke4 h3 0-1